00435nam a22000977a 4500008004100000100004500041245012400086260004800210300003100258773004800289240903b ||||| |||| 00| 0 eng d aBorah, P.K., Tripathi, V. and Koch, M.  aWash (water, sanitation and Hygiene) in schools’ in Indian and SDG target 4.a: An analysis of the localizing process  aMadhya Pradesh Journal of Social Sciences  a28(1), Jun, 2023: p.45-62  aMadhya Pradesh Journal of Social Sciences